000 00540nam a22001697a 4500
008 160208b xxu||||| |||| 00| 0 eng d
020 _a1609137496
100 _aMorton Patricia Gonce
245 _aCritical Care Nursing
_bA Holistic Approach
_cPatricia Gonce Morton
250 _a10th ed
260 _aChina
_bLippincott Williams and Wilkins
_c2013
300 _axxx, 1321 p.
_bill.
650 _2Critical Care
650 _2Holistic Nursing
700 _aDorrie K. Fontaine
942 _2lcc
_cBK
_e10th ed
_hRT 120
_k.C75 2013 C.1
999 _c15594
_d15594